Territoires Français d'outre-mer. - Statistiques

Statistiques générales
  • Ce quiz a été pris 73 fois
  • Le résultat moyen est 10 sur 17
Statistiques - réponses
Localisation Territoires ultra-marin % Correct
Antilles Martinique
95%
Antilles Guadeloupe
93%
Amérique du sud Guyane
88%
Au large de Madagascar La Réunion
86%
Océan indien Mayotte
82%
Pacifique sud Polynésie française
75%
Est Canada Saint-Pierre-et-Miquelon
75%
Antilles Saint-Martin
71%
Large de l' Australie Nouvelle-Calédonie
68%
Pacifique sud Wallis-et-Futuna
66%
Antilles Saint-Barthélemy
64%
Large D'Hawaï Clipperton
46%
Antarctique et iles australes Îles Kerguelen
34%
Antarctique et iles australes Terre Adélie
30%
Antarctique et iles australes Îles Saint-Paul
9%
Antarctique et iles australes Archipel Crozet
5%
Antarctique et iles australes Nouvelle-Amsterdam
5%
Aucun quiz correspondant
Distribution des résultats
% des personnes avec chaque résultat
Percentile par nombre de réponses
Votre historique - résultats
Vous n’avez pas pris ce quiz